000 00566nam a2200097Ia 4500
008 170517s9999 xx 000 0 und d
245 _aAmazonia: Healing With Sacred Plants
300 _aAlberto Villoldo, psychologist, anthropologist and bestselling author, has studied the shamanic healing practices of the Amazon for over 25 years. In this beautifully filmed documentary he reveals secrets of the jungle's sacred plants and the healers who administer them,...
650 _xTechnology.
856 _uhttp://topdocumentaryfilms.com/amazonia-healing-with-sacred-plants/
999 _c335009
_d335009